[Event "GER-ch U12"]
[Site "Willingen"]
[Date "2016.05.18"]
[Round "7"]
[White "Pauls, Fynn"]
[Black "Wensing, Jonathan"]
[Result "1-0"]
[WhiteElo "1651"]
[BlackElo "1578"]
[PlyCount "78"]
[EventDate "2016.05.15"]
[EventType "swiss"]
[EventRounds "11"]
[EventCountry "GER"]
[SourceTitle "CBM 172 Extra"]
[Source "ChessBase"]
[SourceDate "2016.06.21"]
[SourceVersion "1"]
[SourceVersionDate "2016.06.21"]
[SourceQuality "1"]

1. Nf3 g6 2. g3 c5 3. c4 Nc6 4. Bg2 Bg7 5. Nc3 e6 6. 0-0 Nge7 7. d4 cxd4 8. Nb5 d5 9. cxd5 Nxd5 10. Nbxd4 0-0 11. Nxc6 bxc6 12. e4 Ne7 13. Qc2 Qb6 14. Rb1 Bb7 15. Be3 Qc7 16. Rfe1 Rfd8 17. b4 Ba6 18. b5 Bb7 19. b6 Qd6 20. Bc5 Qd7 21. bxa7 Ba6 22. Rbd1 Qe8 23. Bb6 Rxd1 24. Rxd1 Bf8 25. Ne5 Bg7 26. Nc4 c5 27. Nd6 Qc6 28. Qxc5 Qa4 29. Rd2 Nc6 30. e5 Nxe5 31. Bxa8 Bh6 32. Qd4 Qa3 33. Qb2 Qa4 34. Rd4 Nc4 35. Nxc4 Bxc4 36. Rd8+ Bf8 37. Bc5 e5 38. Qxe5 f6 39. Qxf6 Qd1+ 1-0

[Event "GER-ch U12"]
[Site "Willingen"]
[Date "2016.05.17"]
[Round "5"]
[White "Wensing, Jonathan"]
[Black "Englert, Jon"]
[Result "0-1"]
[WhiteElo "1578"]
[BlackElo "1796"]
[PlyCount "60"]
[EventDate "2016.05.15"]
[EventType "swiss"]
[EventRounds "11"]
[EventCountry "GER"]
[SourceTitle "CBM 172 Extra"]
[Source "ChessBase"]
[SourceDate "2016.06.21"]
[SourceVersion "1"]
[SourceVersionDate "2016.06.21"]
[SourceQuality "1"]

1. e4 g6 2. d4 Bg7 3. Nc3 d6 4. f4 Nf6 5. e5 Nfd7 6. Bc4 Nb6 7. Bd3 dxe5 8. dxe5 Nc6 9. Be3 Be6 10. Ne4 Nd5 11. Qe2 Bh6 12. Qf2 Nxe3 13. Qxe3 Nxe5 14. 0-0-0 Qc8 15. Nc5 Ng4 16. Qd4 Rg8 17. h3 Nf6 18. g4 Nd5 19. g5 Bg7 20. Qa4+ c6 21. Be4 Nb6 22. Qb4 Bd5 23. Nf3 Qc7 24. Rhe1 Qxf4+ 25. Kb1 Qc7 26. c4 a5 27. Qa3 Nxc4 28. Qd3 Nxb2 29. Qe2 Nxd1 30. Bxd5 Nc3+ 0-1